000 01684nam a22003137a 4500
005 20081031141242.0
008 081031t xxu||||| |||| 00| 0 hin d
010 _aHIN-84588
020 _a9788189559212
_c30.00
035 _aHN-56934
037 _bDBAD / PUB
040 _aDPL
_bHN
082 _a230.45
100 _aगर्ग, पुष्पा रानी
245 _aश्री राम का शिव पूजन /
_cपुष्पा रानी गर्ग; जयन्ती प्रसाद नौटियाल द्वारा संपादित
246 _aSri Rama kaa Shiv pujana
_bby Pushpa Rani Garg; edited by Jyanti Prasad Nautiyal
260 _aनई दिल्ली
_bमानसी पब्लिकेशन्स
_c2008
270 _aमनीज प्लाजा, 4637/20, प्रथम तल, 120, अंसारी रोड, दरियागंज
_bनई दिल्ली
_e110002
_k011 23261151 मो.09810303048
300 _a86पृ
_c22सेमी (सजिल्द)
600 _aराम ( हिन्दू देवता )
600 _aRama (Hindu deity)
600 _aशिव, (हिन्दू देवता)
600 _aShiva (Hindu deity)
650 _aहिन्दी कविता
650 _aHindi poetry
700 _aनौटियाल, जयन्ती प्रसाद
942 _2ddc
_cHN
_mगर्गपु
_h230.45
999 _c17367
_d17367